| 000 | 01102cam a22003012 4500 | ||
|---|---|---|---|
| 001 | 27978 | ||
| 003 | BD-RjUL | ||
| 005 | 20211209051226.0 | ||
| 008 | 1403 t1984 coua b 001 0 eng d | ||
| 020 | _a0865316058 | ||
| 035 | _a(BD-RjUL)28059 | ||
| 040 |
_aDLC _cDLC _dOCL _dLUL _dUKM _dEQO _dBD-RjUL _beng |
||
| 041 | _aeng | ||
| 082 | 0 | 0 |
_a997.11 _219 _bHOS 1984 |
| 100 | 1 |
_aHoffmann, Fritz L. _q(Fritz Leo), _d1907-1985. _985825 |
|
| 245 | 1 | 0 |
_aSovereignty in dispute : _bthe Falklands/Malvinas, 1493-1982 / _cFritz L. Hoffmann and Olga Mingo Hoffmann. |
| 260 |
_aBoulder, Colo. : _bWestview Press, _c1984. |
||
| 300 |
_axiv, 194 p. : _bill. ; _c24 cm. |
||
| 490 | 1 | _aWestview special studies on Latin America and the Caribbean | |
| 504 | _aincludes bibliographical reference and index. | ||
| 651 | 0 |
_aFalkland Islands _xHistory. _985826 |
|
| 651 | 0 |
_aFalkland Islands _xInternational status. _985827 |
|
| 700 | 1 |
_aHoffmann, Olga Mingo. _985828 |
|
| 830 | 0 |
_aWestview special studies on Latin America and the Caribbean _99267 |
|
| 942 |
_2ddc _cBK |
||
| 999 |
_c27978 _d27978 |
||